Κατάλογος Βιβλιοθηκών Mediterranean College

Effective Behavior in Organizations / Cases, Concepts and Student Experiences: Sixth Edition (Record no. 973)

MARC details
000 -LEADER
fixed length control field 01872cam a22002534a 4500
005 - ΗΜΕΡΟΜΗΝΙΑ ΚΑΙ ΩΡΑ ΤΕΛΕΥΤΑΙΑΣ ΕΝΗΜΕΡΩΣΗΣ
Πεδίο ελέγχου 20250605163951.0
008 - FIXED-LENGTH DATA ELEMENTS--GENERAL INFORMATION
Πεδίο ελέγχου σταθερού μήκους 250528s ||||||||||||||||||||||||d
035 ## - SYSTEM CONTROL NUMBER
System control number 15388
020 ## - ISBN
ISBN 256131643
040 ## - ΠΗΓΗ ΚΑΤΑΛΟΓΟΓΡΑΦΗΣΗΣ
Φορέας πρωτότυπης καταλογογράφησης MC Athens Campus Library
Γλώσσα καταλογογράφησης Ελληνικά, Μοντέρνα (1453-)
Modifying agency MC Athens Campus Library
Κανόνες περιγραφικής καταλογογράφησης AACR2
245 1# - ΤΙΤΛΟΣ ΚΑΙ ΔΗΛΩΣΗ ΥΠΕΥΘΥΝΟΤΗΤΑΣ
Τίτλος Effective Behavior in Organizations / Cases, Concepts and Student Experiences: Sixth Edition
250 ## - EDITION STATEMENT
Edition statement 6th
260 ## - PUBLICATION, DISTRIBUTION, ETC.
Name of publisher, distributor, etc. Irwin Mcgraw-Hill,
Date of publication, distribution, etc. 1995
300 ## - PHYSICAL DESCRIPTION
Extent 704
505 0# - FORMATTED CONTENTS NOTE
Formatted contents note Introduction, The Total Organization and the Concept of Systems, The Work Group, Cohesiveness in Groups, Differentiation in Groups: Building Internal Structure as a Basis for Productivity, Developing Group Effectiveness: Emergent Processes, Basic Human Needs and Rewards, The Personal System, Diagnosing the Two-Person Work Relationship: Job Requirements and Background Factors, Improving the Two-Person Work Relationship: Processes and Outcomes, Leadership: Exerting Influence and Power, Leadership: Managerial Functions and Styles, Relations Among Groups in the Organization, Initiating Change, Cases.
520 ## - SUMMARY, ETC.
Summary, etc. Introduction, The Total Organization and the Concept of Systems, The Work Group, Cohesiveness in Groups, Differentiation in Groups: Building Internal Structure as a Basis for Productivity, Developing Group Effectiveness: Emergent Processes, Basic Human Needs and Rewards, The Personal System, Diagnosing the Two-Person Work Relationship: Job Requirements and Background Factors, Improving the Two-Person Work Relationship: Processes and Outcomes, Leadership: Exerting Influence and Power, Leadership: Managerial Functions and Styles, Relations Among Groups in the Organization, Initiating Change, Cases.
700 1# - ΠΡΟΣΘΕΤΗ ΑΝΑΓΡΑΦΗ--ΦΥΣΙΚΟ ΠΡΟΣΩΠΟ
Personal name Cadon Herman
9 (RLIN) 1295
700 1# - ΠΡΟΣΘΕΤΗ ΑΝΑΓΡΑΦΗ--ΦΥΣΙΚΟ ΠΡΟΣΩΠΟ
Personal name Cohen R. Allan
9 (RLIN) 1296
700 1# - ΠΡΟΣΘΕΤΗ ΑΝΑΓΡΑΦΗ--ΦΥΣΙΚΟ ΠΡΟΣΩΠΟ
Personal name Fink L. Stephen
9 (RLIN) 1297
700 1# - ΠΡΟΣΘΕΤΗ ΑΝΑΓΡΑΦΗ--ΦΥΣΙΚΟ ΠΡΟΣΩΠΟ
Personal name Willits D. Robin
9 (RLIN) 1298
942 ## - ADDED ENTRY ELEMENTS (KOHA)
Koha item type Books
Holdings
Τύπος τεκμηρίου Βιβλιοθήκη Τρέχουσα τοποθεσία Barcode Αριθμός εισαγωγής Ημερομηνία απόκτησης Ταξιθετικό σύμβολο Αριθμός αντιτύπου Κατάσταση απόσυρσης Κατάσταση χαμένου Κατάσταση κατεστραμμένου Μη δανεισμός Σύνολο δανεισμών Ημερομηνία τελευταίας εμφάνισης Η τιμή ισχύει από
Books MC Athens Campus Library MC Athens Campus Library 9780000009722 1642 05/06/2025 658.4 COH 1           05/06/2025 05/06/2025

MC Athens Campus Library
Πατησίων 94 & Κοδριγκτώνος 13, 104 34
Πελλήνης 8 & Πατησίων 107, 112 51
Τ: +30 210 8899600

MC Thessaloniki Campus Library
Ίωνος Δραγούμη 21, 54625 | Ίωνος Δραγούμη 15, 54625
Τ: +30 2310 287779 – Τ: +30 2314 440300